Georgia Counties - Sudden Death - Statistics

General Stats
  • This quiz has been taken 14 times
    12 since last reset
  • The average score is 14 of 20
Answers on the Grid
Answers color-coded by a green-red scale on the quiz's grid according to % correct below.
Gwinnett
Fulton
Cobb
Savannah
Butts
Cherokee
Creek
Coffee
Lincoln
Clarke
Lewis
Sumter
York
Pecan
Peach
Cotton
Milton
Walton
Chattahoochee
Houston
Henry
Lawrence
Springfield
Johnson
King
Polk
Buchanan
Washington
Pulaski
Oconee
Murray
Lumpkin
Knox
Cumberland
Atlanta
 
Answer Stats
Answer % Correct
Sumter
90%
Coffee
80%
Fulton
80%
Polk
80%
Cherokee
70%
Clarke
70%
Cobb
70%
Gwinnett
70%
Henry
70%
Lincoln
70%
Murray
70%
Oconee
70%
Peach
70%
Pulaski
70%
Washington
70%
Butts
60%
Chattahoochee
60%
Houston
60%
Johnson
60%
Lumpkin
60%
No matching quizzes found
Score Distribution
Percent of People with Each Score
Percentile by Number Answered
Your Score History
You have not taken this quiz since the last reset